Nomi ufficiali dei paesi sudamericani - Statistics

Statistiche generali
  • Questo quiz è stato fatto 13 volte
  • Il punteggio medio è 7 su 12
Statistiche sulle risposte
Paese (nome semplice) Nome ufficiale % Corretto
Argentina Repubblica Argentina
100%
Cile Repubblica del Cile
55%
Colombia Repubblica della Colombia
55%
Ecuador Repubblica dell'Ecuador
55%
Paraguay Repubblica del Paraguay
55%
Perù Repubblica del Perù
55%
Suriname Repubblica del Suriname
55%
Venezuela Repubblica bolivariana del Venezuela
45%
Guyana Repubblica cooperativa di Guyana
45%
Brasile Repubblica federale del Brasile
45%
Uruguay Repubblica orientale dell'Uruguay
45%
Bolivia Stato plurinazionale della Bolivia
45%
Nessun quiz corrispondente trovato
Distribuzione punteggi
Percentuale di utenti per punteggio
Percentile per numero di risposta
I tuoi punteggi nel tempo
Non hai fatto questo quiz